| 000 | 00626nam a2200217Ia 4500 | ||
|---|---|---|---|
| 999 |
_c56483 _d56483 |
||
| 001 | 23596 | ||
| 003 | GE_BSU | ||
| 005 | 20221122152009.0 | ||
| 008 | 181216s2018||||en |||||||||||||| ||eng|| | ||
| 020 | _a9781290611299x | ||
| 040 | _cGE_BSU | ||
| 041 | _aeng | ||
| 080 | _a72+514 M-78 | ||
| 100 |
_aMoyer, J. A. _94584 |
||
| 245 |
_aDescriptive Geometry for Students of Engineering / _cJ. A. Moyer. |
||
| 250 | _aThird Edition | ||
| 264 |
_aNew York: _bJohn Wiley & Sons, Inc, _c2018. |
||
| 300 |
_a205 p.: _bill ; _e 23 cm. |
||
| 653 | _aარქიტექტურა. გეომეტრია | ||
| 942 |
_cBK _2udc |
||